| 000 | 00427nam a2200169Ia 4500 | ||
|---|---|---|---|
| 003 | OSt | ||
| 005 | 20260318123017.0 | ||
| 008 | 211028s2018 xx 000 0 und d | ||
| 040 | _cAIMIT LIBRARY | ||
| 041 | _aeng | ||
| 100 |
_aP B Geetesh; N, Hemalatha. _g151731 _94975 |
||
| 110 |
_aSuman Lasrado. _94976 |
||
| 245 | _aSales order processing / | ||
| 260 |
_aBengaluru _c2018 |
||
| 710 |
_aSvastek _94977 |
||
| 942 |
_2ddc _cPRO |
||
| 999 |
_c217751 _d217751 |
||